000 01321nam0a2200349 4500
001 RU\NLR\bibl\988511
005 20260405065917.0
010 _a5-699-16909-1
_95000
021 _aRU
_b2006-46645
_92325
035 _a(nilc)RSL-KNO-002917455
035 _a(NLR Aleph) 000976355
090 _a431144
_c431144
100 _a20060817d2006 |||y0rusy50 ca
101 0 _arus
102 _aRU
105 _aa |||||||||
106 _ar
200 1 _a30 топ-стрижек для волос средней длины
_eобучающая экспресс-методика
_f[авт.-сост. Е. Голубева, З. Марина]
210 _aМосква
_cЭксмо
_d2006
_eТула
_gТульская типография
215 _a124, [1] с.
_cил.
_d20
225 1 _aУход и техники
606 1 _aВолосы
_xСтрижка
_91318567
_3RU\NLR\auth\66231517
610 0 _aПарикмахерское дело -- Стрижка и бритьё
686 _aН937.1,0
_2rubbk
686 _aН937
702 1 _4220
_7ca
_8rus
_aГолубева
_bЕ. В.
_cпарикмахер
_gЕкатерина В.
_96619
_3RU\NLR\auth\7723566
801 0 _aRU
_bРКП
_c20060817
_grcr
801 1 _aRU
_bРГБ
_c20060817
801 2 _aRU
_bNLR
_c20060928
_grcr
942 _cBOOK
980 _aNB